| 000 | 00496nam a2200181Ia 4500 | ||
|---|---|---|---|
| 003 | GCL | ||
| 008 | 140319s9999 xx 000 0 eng d | ||
| 040 |
_aGCL / _cGCL |
||
| 082 | 0 | 4 |
_a617.601 _bH P |
| 100 | 1 | _aHARRIS, NORMAN O | |
| 245 | 1 | 0 |
_aPRIMARY PREVENTIVE DENTISTY / _cHARRIS, NORMAN O |
| 700 | 1 | _aCHRISTEN, ARDEN G | |
| 260 |
_a[S.N] : _bAPPLETON & LANGE ، _c1994 |
||
| 300 | _a635 | ||
| 650 | 0 | 4 | _aPREVENTIVE DENTISTRY |
| 650 | 0 | 4 | _aPREVENTIVE DENTISTRY EXAMINATION |
| 942 |
_2ddc _cBK |
||
| 999 |
_c10934 _d10934 |
||